Catálogo
 En Linea

Sus mejores cuentos. (Registro nro. 43161)

Detalles MARC
000 -CABECERA
campo de control de longitud fija 00284nam a2200109 a 4500
005 - FECHA Y HORA DE LA ÚLTIMA TRANSACCIÓN
campo de control 20201002044917.0
008 - DATOS DE LONGITUD FIJA--INFORMACIÓN GENERAL
campo de control de longitud fija 140402s1971 000 spa d
040 ## - FUENTE DE LA CATALOGACIÓN
Centro catalogador/agencia de origen DO-SdBNP
100 ## - ENTRADA PRINCIPAL--NOMBRE DE PERSONA
Nombre de persona Wilde, Oscar
9 (RLIN) 64295
245 #0 - MENCIÓN DE TÍTULO
Título Sus mejores cuentos.
260 ## - PUBLICACIÓN, DISTRIBUCIÓN, ETC.
Lugar de publicación, distribución, etc. Madrid -- Libra,
Fecha de publicación, distribución, etc. 1971 -- 161 p.

No hay ítems disponibles.

Con tecnología Koha